Harry Potter: les Centaures - Statistiques

Statistiques générales
  • Ce quiz a été pris 92 fois
    66 depuis la dernière actualisation
  • Le résultat moyen est 8 sur 14
Statistiques - réponses
Information Réponse % Correct
Centaure professeur Firenze
96%
Centaure connu Bane
90%
Première apparition Harry Potter à l'école des sorciers
90%
Derniere apparition Harry Potter et les Reliques de la Mort
85%
Description Torse d'un homme et corps d'un cheval
85%
Lieu d'habitation Forêt interdite
81%
Nombre de centaures dans un troupeau De 10 à 50
56%
Chef des centaures Magorian
50%
Sang Hybride
46%
Centaure connu Ronan
46%
Statut Animal
40%
Facultés Guérison magique, tir à l'arc, astronomie, divination
40%
Pays d'origine Grèce
29%
Caractère Méfiants envers les humains (qu'ils soient sorciers ou moldus)
15%
Aucun quiz correspondant
Distribution des résultats
% des personnes avec chaque résultat
Percentile par nombre de réponses
Votre historique - résultats
Vous n’avez pas pris ce quiz depuis la dernière actualisation